000 01939cam a22003611i 4500
999 _c10360
_d10360
001 383544
003 OCoLC
005 20210222173243.0
008 800124s1961 miub b 001 0ceng
010 _a 61001477
020 _a0310280702
020 _a9780310280705
035 _a(OCoLC)383544
_z(OCoLC)855189300
040 _aDLC
_beng
_cDLC
_dOCL
_dSTF
_dEYM
_dCIRBC
_dIGR
_dOCLCO
_dOCLCQ
_dOCLCF
_dSGB
_dDML
_dSJG
_dOCLCQ
_dOCL
_dBHB
_dRNP
_dBMS
_dZ5F
_dPTS
_dCIRBC
050 0 _aBS579.K5
_bL818A
082 0 _a220.92
_bL818A
092 0 _a220.92
_bL818A
100 1 _aLockyer, Herbert.
245 1 0 _aAll the kings and queens of the Bible :
_btragedies and triumphs of royalty in past ages /
_cby Herbert Lockyer.
260 _aGrand Rapids :
_bZondervan Publishing House,
_c©1961.
300 _a253 pages :
_bmaps ;
_c24 cm
336 _atext
_btxt
_2rdacontent
337 _aunmediated
_bn
_2rdamedia
338 _avolume
_bnc
_2rdacarrier
490 1 _a"All" series
504 _aIncludes bibliographical references (pages 249-250) and index.
505 0 _aIntroduction -- Part one : Bible kings. Mesopotamia and ancient monarchs -- Assyria and Assyrian monarchs, B.C. 1456-615 -- Egypt and Egyptian monarchs -- Babylonia and Babylonian monarchs, B.C. 606-538 -- Persia and Persian monarchs, B.C. 539-331 -- Greece and Grecian monarchs -- Rome and Roman monarchs -- Palestine and Jewish monarchs -- The earth and its perfect Monarch -- Prophetic kings in Bible history -- Symbolic kings in Bible history -- Part two : Bible queens. Introduction -- Gentile queens in Bible history -- Jewish queens in Bible history -- Symbolic queens in Bible history.
630 0 0 _aBible
_vBiography.
655 7 _aBiographies.
_2fast
_0(OCoLC)fst01919896
776 0 8 _iOnline version:
_aLockyer, Herbert.
_tAll the kings and queens of the Bible.
_dGrand Rapids, Zondervan Pub. House [1961]
_w(OCoLC)644616946
830 0 _aALL (Series)
942 _2ddc
_cBK